<?xml version="1.0" encoding="UTF-8"?><?xml-stylesheet type="text/xsl" href="static/style.xsl"?><OAI-PMH xmlns="http://www.openarchives.org/OAI/2.0/" xmlns:xsi="http://www.w3.org/2001/XMLSchema-instance" xsi:schemaLocation="http://www.openarchives.org/OAI/2.0/ http://www.openarchives.org/OAI/2.0/OAI-PMH.xsd"><responseDate>2026-04-13T08:29:20Z</responseDate><request verb="GetRecord" identifier="oai:www.recercat.cat:10256/18970" metadataPrefix="marc">https://recercat.cat/oai/request</request><GetRecord><record><header><identifier>oai:recercat.cat:10256/18970</identifier><datestamp>2025-03-01T08:54:54Z</datestamp><setSpec>com_2072_452955</setSpec><setSpec>com_2072_2054</setSpec><setSpec>col_2072_453072</setSpec></header><metadata><record xmlns="http://www.loc.gov/MARC21/slim" xmlns:dcterms="http://purl.org/dc/terms/" xmlns:xsi="http://www.w3.org/2001/XMLSchema-instance" xmlns:doc="http://www.lyncode.com/xoai" xsi:schemaLocation="http://www.loc.gov/MARC21/slim http://www.loc.gov/standards/marcxml/schema/MARC21slim.xsd">
   <leader>00925njm 22002777a 4500</leader>
   <datafield ind2=" " ind1=" " tag="042">
      <subfield code="a">dc</subfield>
   </datafield>
   <datafield ind2=" " ind1=" " tag="720">
      <subfield code="a">Esteban Guitart, Moisès</subfield>
      <subfield code="e">author</subfield>
   </datafield>
   <datafield ind2=" " ind1=" " tag="720">
      <subfield code="a">González Patiño, Javier</subfield>
      <subfield code="e">author</subfield>
   </datafield>
   <datafield ind2=" " ind1=" " tag="720">
      <subfield code="a">Iglesias Vidal, Edgar</subfield>
      <subfield code="e">author</subfield>
   </datafield>
   <datafield ind2=" " ind1=" " tag="720">
      <subfield code="a">González Ceballos, Irene</subfield>
      <subfield code="e">author</subfield>
   </datafield>
   <datafield ind2=" " ind1=" " tag="260">
      <subfield code="c">2020-09-18</subfield>
   </datafield>
   <datafield ind2=" " ind1=" " tag="520">
      <subfield code="a">This article examines and empirically illustrate the personalized education conceived as a sum of different strategies, actuations and resources to promotes learners' sense-making in the teaching and learning process. Six principles or elements involved in personalized education are suggested: starting from recognizing students' identities, fostering reflexive practices, facilitating the learner's agency, developing learning pathways, promoting the multiple linking-bridging, and implementing socio-educative supports and scaffolds. After describing those principles, the project "¡Cápsulas! Itinerarios de aprendizaje" allow us to illustrate the elements previously described. This project was designed and implemented during the third semester of the course 2019-2020, within confinement circumstances caused by Covid-19 pandemic. It is concluded by considering three challenges and opportunities of virtual education or remote teaching from the empirical example examined here</subfield>
   </datafield>
   <datafield ind2=" " ind1=" " tag="520">
      <subfield code="a">En este artículo se describe e ilustra la personalización educativa entendida como un conjunto diverso de recursos, estrategias y actuaciones encaminadas a facilitar que los aprendices otorguen sentido y valor personal a los aprendizajes. Se proponen y consideran seis&#xd;
principios o elementos de la personalización así entendida, a saber: iniciar con el reconocimiento de las identidades de los aprendices,&#xd;
estimular procesos de reflexión, fomentar la agencia del aprendiz, promover trayectorias de aprendizaje, establecer procesos de vinculación-conexión múltiple o bimodal y facilitar mecanismos y procesos de acompañamiento socio-educativo. Tras una descripción de los&#xd;
mismos, se ilustran a través del proyecto “¡Cápsulas! Itinerarios de aprendizaje” llevado a cabo en un instituto de secundaria de titularidad pública en el tercer semestre del curso académico 2019-2020, coincidiendo en el período de confinamiento debido a la pandemia&#xd;
Covid-19. Se concluye considerando lo que nos parecen tres retos, también oportunidades, de la enseñanza remota o educación virtual</subfield>
   </datafield>
   <datafield tag="653" ind2=" " ind1=" ">
      <subfield code="a">Aprenentatge</subfield>
   </datafield>
   <datafield tag="653" ind2=" " ind1=" ">
      <subfield code="a">Learning</subfield>
   </datafield>
   <datafield tag="653" ind2=" " ind1=" ">
      <subfield code="a">Ensenyament individualitzat</subfield>
   </datafield>
   <datafield tag="653" ind2=" " ind1=" ">
      <subfield code="a">Individualized instruction</subfield>
   </datafield>
   <datafield tag="653" ind2=" " ind1=" ">
      <subfield code="a">Ensenyament virtual</subfield>
   </datafield>
   <datafield tag="653" ind2=" " ind1=" ">
      <subfield code="a">Web-based instruction</subfield>
   </datafield>
   <datafield ind2="0" ind1="0" tag="245">
      <subfield code="a">La personalización educativa en tiempos de cambio e innovación educativa: un ejemplo ilustrativo</subfield>
   </datafield>
</record></metadata></record></GetRecord></OAI-PMH>